Study on cholera disease in native chicken and antibiody by ha and hi-test at ponhea leuu district kandal province, សិក្សាជំងឺកូឡារ៉ាមាន់ក្នុងស្រុកនិងអង់ទីកររបស់វាតាមរយៈតេស្តHA និងHI ស្រុកពញ្ញាឮ​ ខេត្តកណ្ដាល (Record no. 8926)

000 -LEADER
fixed length control field 00692nam a22001337a 4500
040 ## - CATALOGING SOURCE
Transcribing agency RUA
082 ## - DEWEY DECIMAL CLASSIFICATION NUMBER
Classification number AVM NIM 2015 B508 Or.1
100 ## - MAIN ENTRY--AUTHOR NAME
Personal name NIM THEARITH, នីម ធារិទ្ធ
245 ## - TITLE STATEMENT
Title Study on cholera disease in native chicken and antibiody by ha and hi-test at ponhea leuu district kandal province, សិក្សាជំងឺកូឡារ៉ាមាន់ក្នុងស្រុកនិងអង់ទីកររបស់វាតាមរយៈតេស្តHA និងHI ស្រុកពញ្ញាឮ​ ខេត្តកណ្ដាល
260 ## - PUBLICATION, DISTRIBUTION, ETC. (IMPRINT)
Place of publication Phnom Penh
Name of publisher RUA
Year of publication 2015
300 ## - PHYSICAL DESCRIPTION
Number of Pages xi; 41p.
Other physical details ill.
Dimensions 29cm.
856 ## - ELECTRONIC LOCATION AND ACCESS
Uniform Resource Identifier NIM THEARITH
942 ## - ADDED ENTRY ELEMENTS (KOHA)
Koha item type AVM
952 ## - LOCATION AND ITEM INFORMATION (KOHA)
Withdrawn status [LOCAL, KOHA] 0
952 ## - LOCATION AND ITEM INFORMATION (KOHA)
Withdrawn status [LOCAL, KOHA] 0
952 ## - LOCATION AND ITEM INFORMATION (KOHA)
Withdrawn status [LOCAL, KOHA] 0
952 ## - LOCATION AND ITEM INFORMATION (KOHA)
Withdrawn status [LOCAL, KOHA] 0
952 ## - LOCATION AND ITEM INFORMATION (KOHA)
Withdrawn status [LOCAL, KOHA] 0
952 ## - LOCATION AND ITEM INFORMATION (KOHA)
Withdrawn status [LOCAL, KOHA] 0
952 ## - LOCATION AND ITEM INFORMATION (KOHA)
Withdrawn status [LOCAL, KOHA] 0
952 ## - LOCATION AND ITEM INFORMATION (KOHA)
Withdrawn status [LOCAL, KOHA] 0
952 ## - LOCATION AND ITEM INFORMATION (KOHA)
Withdrawn status [LOCAL, KOHA] 0
952 ## - LOCATION AND ITEM INFORMATION (KOHA)
Withdrawn status [LOCAL, KOHA] 0
952 ## - LOCATION AND ITEM INFORMATION (KOHA)
Withdrawn status [LOCAL, KOHA] 0
Holdings
Permanent Location Date acquired Koha item type Lost status Shelving location Barcode Current Location Full call number
Library Block B2016-08-19AVM B508RUA061317Library Block BAVM NIM 2015 B508 Or.1
Library Block B2016-08-19AVM B508RUA062671Library Block BAVM NIM 2015 B508 Or.2
Library Block B2016-08-19AVM B508RUA061767Library Block BAVM NIM 2015 B508 Or.3
Library Block B2016-08-19AVM B508RUA062153Library Block BAVM NIM 2015 B508 Or.4
Library Block B2016-08-19AVM B508RUA061626Library Block BAVM NIM 2015 B508 Or.5
Library Block B2016-08-19AVM B508RUA061652Library Block BAVM NIM 2015 B508 Or.6
Library Block B2016-08-19AVM B508RUA062222Library Block BAVM NIM 2015 B508 Or.7
Library Block B2016-08-19AVM B508RUA061976Library Block BAVM NIM 2015 B508 Or.8
Library Block B2021-11-22AVM B694A066340Library Block BAVM NIM 2015 B694 Or.1
Library Block B2021-11-22AVM B694A066514Library Block BAVM NIM 2015 B694 Or.1
Library Block B2021-11-22AVM B694A066570Library Block BAVM NIM 2015 B694 Or.1
មជ្ឈមណ្ឌលឯការនៃសាកលវិទ្យាល័យភូមិន្ទកសិកម្មចំការដូង

Powered by Koha